000
00318 a2200157 4500
001
62765
020
_a
040
_c
Anchieta - Pituba
100
_a
COSTA, Paula
240
1
0
_a
It´s all about blues
_l
por
245
1
0
_a
It´s all about blues
300
_a
34
362
0
_a
2016
650
4
_a
Música
942
_c
BK
999
_c
62765
_d
62765